00366nam a2200121Ia 4500008004100000040001600041041001200057082001600069100002000085245008400105260003900189300001600228230917s9999||||xx |||||||||||||| ||und|| e52693aMAIN aEnglish a341.2 C571S aClauder, Inis L 0aSwords into plowshares: The problems and progress of international organization aLondonbUniversity of Londonc1964 axiv, 458 p.